El germinal español : (Record no. 193485)

MARC details
000 -LEADER
campo de control de longitud fija 02674aam a2200385 i 4500
001 - NÚMERO DE CONTROL
campo de control 193485
003 - IDENTIFICADOR DE NÚMERO DE CONTROL
campo de control ES-MaACL
005 - FECHA Y HORA DE LA ÚLTIMA TRANSACCIÓN
campo de control 20240908063117.0
007 - CAMPO FIJO DE DESCRIPCIÓN FÍSICA--INFORMACIÓN GENERAL
campo de control de longitud fija ta
008 - DATOS DE LONGITUD FIJA--INFORMACIÓN GENERAL
campo de control de longitud fija 240102s2023 sp g | 0|1 0 spa|c
017 ## - NÚMERO DE COPYRIGHT O DE DEPÓSITO LEGAL
Número de copyright o de depósito legal DL M 11358-2023
Agencia que asigna Oficina DL Madrid
020 ## - NÚMERO INTERNACIONAL ESTÁNDAR DEL LIBRO
Número Internacional Estándar del Libro 9788446053293
Información calificativa (cartoné)
035 ## - NÚMERO DE CONTROL DEL SISTEMA
Número de control de sistema 991060981092906706
040 ## - FUENTE DE CATALOGACIÓN
Centro catalogador/agencia de origen ES-BaUB
Lengua de catalogación cat
Normas de descripción rda
Centro/agencia transcriptor ES-BaUB
Centro/agencia modificador ES-MaACL
100 1# - ENTRADA PRINCIPAL--NOMBRE DE PERSONA
Nombre de persona Sánchez Pérez, Francisco,
Fechas asociadas al nombre 1963-
9 (RLIN) 234787
Término indicativo de función/relación Autor
245 13 - MENCIÓN DEL TÍTULO
Título El germinal español :
Resto del título las elecciones que trajeron la Segunda República /
Mención de responsabilidad, etc. Francisco Sánchez Pérez ; prólogo de Ángel Viñas
264 #1 - PRODUCCIÓN, PUBLICACIÓN, DISTRIBUCIÓN, FABRICACIÓN Y COPYRIGHT
Producción, publicación, distribución, fabricación y copyright Tres Cantos, Madrid :
Nombre del de productor, editor, distribuidor, fabricante Akal,
Fecha de producción, publicación, distribución, fabricación o copyright [2023]
300 ## - DESCRIPCIÓN FÍSICA
Extensión 496 páginas ;
Dimensiones 23 cm
336 ## - TIPO DE CONTENIDO
Término de tipo de contenido texto
Código de tipo de contenido txt
Fuente rdacontent
337 ## - TIPO DE MEDIO
Nombre/término del tipo de medio sin mediación
Código del tipo de medio n
Fuente rdamedia
338 ## - TIPO DE SOPORTE
Nombre/término del tipo de soporte vólumen
Código del tipo de soporte nc
Fuente rdacarrier
490 1# - MENCIÓN DE SERIE
Mención de serie Akal anverso
504 ## - NOTA DE BIBLIOGRAFÍA, ETC.
Nota de bibliografía, etc. Bibliografía (páginas 475-488). Indice
520 ## - RESUMEN, ETC.
Sumario, etc. <br/><br/>El 12 de abril de 1931 se celebraron unas elecciones municipales en España que cambiarían el curso de nuestra historia. No se trataba de un plebiscito sobre el régimen, tampoco de unas elecciones generales que decidiesen la suerte de un parlamento, ni de unas elecciones a Cortes Constituyentes. ¿Cómo fue posible que unas elecciones municipales abocaran al cambio de un régimen secular y aparentemente tan sólido como la monarquía borbónica?<br/><br/>El Germinal español enmarca el contexto histórico en el que se celebraron dichos comicios y revisa cuál fue su resultado con todo detalle, claves para comprender la proclamación de la Segunda República. El autor relata cómo en las grandes urbes, y en muchas no tan grandes, un amplio movimiento liberal interclasista, liderado por las elites culturales del país, pedía democracia y cómo, tras aquellos comicios, la multitud invadió las calles, promoviendo una auténtica fiesta popular jamás presenciada en España. El régimen, roto e incapaz de gestionar la crisis, optó por pactar un final de trayecto. Era 14 de abril. Era 24 de Germinal.<br/>
651 #4 - PUNTO DE ACCESO ADICIONAL DE MATERIA--NOMBRE GEOGRÁFICO
9 (RLIN) 8283
Nombre geográfico España-
Subdivisión general Historia-
Subdivisión cronológica 1931-1939, II República
700 1# - ENTRADA AGREGADA--NOMBRE PERSONAL
Nombre de persona Viñas, Ángel,
Fechas asociadas al nombre 1941-
9 (RLIN) 115369
Término indicativo de función/relación Autor de introducción
830 #0 - PUNTO DE ACCESO ADICIONAL DE SERIE-TÍTULO UNIFORME
Título uniforme Akal anverso
9 (RLIN) 234788
852 ## - LOCALIZACIÓN
Ubicación ES-MaACL
Sublocalización o colección R.154886
Ubicación en estantería Depósito J
itemnumber 200964
Número de control de estantería N-9660
Donativo/Legado Donación: Francisco Sánchez Pérez
Anotaciones manuscritas Dedicatoria autógrafa del autor
Encuadernación Encuadernación cartoné con sobrecubiertas
903 ## - NOMBRE PERSONAL DE DONANTE
9 234787
a Sánchez Pérez, Francisco,
d 1963-
e Donante
942 ## - ELEMENTOS DE ENTRADA SECUNDARIOS (KOHA)
Suprimir en OPAC No
Tipo de ítem Koha Libro impreso
Holdings
Estatus retirado Estado de pérdida Fuente del sistema de clasificación o colocación Estado de daño No para préstamo Colección Biblioteca de origen Biblioteca actual Ubicación en estantería Fecha de adquisición Fuente de adquisición Total de préstamos Signatura topográfica completa Código de barras Visto por última vez Precio de reemplazo Tipo de ítem Koha Nota pública
    Clasificación decimal universal     Libros con dedicatorias Biblioteca del Ateneo de Madrid Biblioteca del Ateneo de Madrid Depósito J 04/12/2023 Donación   N-9660 101206244 02/01/2024 02/01/2024 Libro impreso Dedicatoria autógrafa del autor